The journey : (Record no. 515)

MARC details
000 -LEADER
fixed length control field 00861cam a22002894a 4500
005 - DATE AND TIME OF LATEST TRANSACTION
control field 20260322212023.0
008 - FIXED-LENGTH DATA ELEMENTS--GENERAL INFORMATION
fixed length control field data
010 ## - LIBRARY OF CONGRESS CONTROL NUMBER
LC control number 2005034999
015 ## - NATIONAL BIBLIOGRAPHY NUMBER
National bibliography number GBA623688
Source bnb
016 7# - NATIONAL BIBLIOGRAPHIC AGENCY CONTROL NUMBER
Record control number 013403741
Source Uk
020 ## - INTERNATIONAL STANDARD BOOK NUMBER
International Standard Book Number 0849918324 (HC)
020 ## - INTERNATIONAL STANDARD BOOK NUMBER
International Standard Book Number 0849991455 (IE)
020 ## - INTERNATIONAL STANDARD BOOK NUMBER
International Standard Book Number 9780849918322
020 ## - INTERNATIONAL STANDARD BOOK NUMBER
International Standard Book Number 9780849991455 (IE)
040 ## - CATALOGING SOURCE
Original cataloging agency DLC
Transcribing agency DLC
Modifying agency DLC
-- OCO
-- ZAB
-- C#P
-- UKM
-- DLC
042 ## - AUTHENTICATION CODE
Authentication code pcc
050 00 - LIBRARY OF CONGRESS CALL NUMBER
Classification number BV4501.3
Item number .G72 2006
082 00 - DEWEY DECIMAL CLASSIFICATION NUMBER
Classification number 248.4
Edition information 22
092 ## - LOCALLY ASSIGNED DEWEY CALL NUMBER (OCLC)
Classification number 248.4 G72 2006
001 - CONTROL NUMBER
control field data
100 1# - MAIN ENTRY--PERSONAL NAME
Personal name Graham, Billy,
Dates associated with a name 1918-
245 14 - TITLE STATEMENT
Title The journey :
Remainder of title how to live by faith in an uncertain world /
Statement of responsibility, etc. Billy Graham.
260 ## - PUBLICATION, DISTRIBUTION, ETC.
Place of publication, distribution, etc. Nashville :
Name of publisher, distributor, etc. W Publishing Group,
Date of publication, distribution, etc. c2006.
300 ## - PHYSICAL DESCRIPTION
Extent viii, 312 p. ;
Dimensions 25 cm.
650 #0 - SUBJECT ADDED ENTRY--TOPICAL TERM
Topical term or geographic name entry element Christian life.
856 42 - ELECTRONIC LOCATION AND ACCESS
Materials specified Publisher description
Uniform Resource Identifier <a href="http://www.loc.gov/catdir/enhancements/fy0623/2005034999-d.html">http://www.loc.gov/catdir/enhancements/fy0623/2005034999-d.html</a>
Holdings
Withdrawn status Lost status Damaged status Not for loan Home library Current library Shelving location Date acquired Total checkouts Full call number Barcode Date last seen Price effective from Koha item type
        Franklin Franklin General stacks 22/03/2026   248.4 22 BC0010527 22/03/2026 22/03/2026 Books